00790 2200301 4500001002100000005001500021035002000036007000300056040001700059100003100076245002600107250001200133300003300145504002900178041000800207082001200215084001800227090002200245264004300267336002100310337003000331338002300361650001300384850001000397008004100407020001800448990002200466INLIS00000000000545920260513074544 a0010-0222000549ta aSBPUPADbInd0 aM. Fauzil AdhimePengarang1 aSaatnya Untuk Menikah a.-cet.1 a172 hal :bilus. ;c18x13 cm abibliografi, hlm 169-1700 aInd a297.431 a297.431 FAU s a297.431 FAU s 3-7 a.--Jakarta :bGema Insani Press,c2000 2rdacontentaTeks 2rdamediaaTanpa Perantara 2rdacarrieraVolume 4aKeluarga aPUPAD260513 0  a979-561-626-9 a20974/S/KAPD/2015